000
00298nam a2200121 a 4500
005
20141022141959.0
008
120229s19uu xx 00 eng d
050
_a
CD-ROM
_b
B47 2005
100
_a
Biagi, Shirley
245
_a
Impact/Interactive /
_c
Shirley Biagi.
260
_c
2005.
942
_c
AVM
999
_c
276178
_d
276178